<?xml version="1.0" encoding="UTF-8"?>
<record
    xmlns:xsi="http://www.w3.org/2001/XMLSchema-instance"
    xsi:schemaLocation="http://www.loc.gov/MARC21/slim http://www.loc.gov/standards/marcxml/schema/MARC21slim.xsd"
    xmlns="http://www.loc.gov/MARC21/slim">

  <leader>01331cam a22003137i 4500</leader>
  <datafield tag="999" ind1=" " ind2=" ">
    <subfield code="c">330371</subfield>
    <subfield code="d">330371</subfield>
  </datafield>
  <controlfield tag="001">17323367</controlfield>
  <controlfield tag="003">NUST</controlfield>
  <controlfield tag="005">20170623090436.0</controlfield>
  <controlfield tag="008">120530s2010    pk            000 1 urd  </controlfield>
  <datafield tag="010" ind1=" " ind2=" ">
    <subfield code="a">  2012431017</subfield>
  </datafield>
  <datafield tag="025" ind1=" " ind2=" ">
    <subfield code="a">P-U-2012431017; 10</subfield>
  </datafield>
  <datafield tag="040" ind1=" " ind2=" ">
    <subfield code="a">DLC</subfield>
    <subfield code="c">DLC</subfield>
  </datafield>
  <datafield tag="042" ind1=" " ind2=" ">
    <subfield code="a">lcode</subfield>
  </datafield>
  <datafield tag="050" ind1="0" ind2="0">
    <subfield code="a">MLCMA 2012/00003 (P)</subfield>
  </datafield>
  <datafield tag="066" ind1=" " ind2=" ">
    <subfield code="c">(3</subfield>
    <subfield code="c">(4</subfield>
  </datafield>
  <datafield tag="082" ind1=" " ind2=" ">
    <subfield code="a">891.4393</subfield>
    <subfield code="b">AHM</subfield>
  </datafield>
  <datafield tag="100" ind1="1" ind2=" ">
    <subfield code="6">880-01</subfield>
    <subfield code="a">A&#x1E25;mad, &#x2BB;Umairah,</subfield>
    <subfield code="d">1976-</subfield>
    <subfield code="9">738</subfield>
  </datafield>
  <datafield tag="245" ind1="1" ind2="0">
    <subfield code="6">880-02</subfield>
    <subfield code="a">Darb&#x101;r-i dil /</subfield>
    <subfield code="c">&#x2BB;Umairah A&#x1E25;mad.</subfield>
  </datafield>
  <datafield tag="250" ind1=" " ind2=" ">
    <subfield code="6">880-03</subfield>
    <subfield code="a">Tarm&#x12B;m va iz&#x324;&#x101;fah shudah ai&#x1E0D;&#x12B;shan.</subfield>
  </datafield>
  <datafield tag="260" ind1=" " ind2=" ">
    <subfield code="6">880-04</subfield>
    <subfield code="a">L&#x101;hore :</subfield>
    <subfield code="b">&#x2BB;Ilm o &#x2BB;Irf&#x101;n Pablisharz ;</subfield>
    <subfield code="a">R&#x101;valpin&#x1E0D;&#x12B; :</subfield>
    <subfield code="b">Milne [k&#x101; patah], Kit&#x101;b Ghar,</subfield>
    <subfield code="c">2010.</subfield>
  </datafield>
  <datafield tag="300" ind1=" " ind2=" ">
    <subfield code="a">160 p. ;</subfield>
    <subfield code="c">24 cm.</subfield>
  </datafield>
  <datafield tag="500" ind1=" " ind2=" ">
    <subfield code="a">Novel.</subfield>
  </datafield>
  <datafield tag="500" ind1=" " ind2=" ">
    <subfield code="a">In Urdu.</subfield>
  </datafield>
  <datafield tag="880" ind1="1" ind2=" ">
    <subfield code="6">100-01/(3/r&#x200F;</subfield>
    <subfield code="a">&#x200F;&#x627;&#x62D;&#x645;&#x62F;&#x60C; &#x639;&#x645;&#x64A;&#x631;&#x647;&#x60C;&#x200F;</subfield>
    <subfield code="d">&#x200F;1976-</subfield>
  </datafield>
  <datafield tag="880" ind1="1" ind2="0">
    <subfield code="6">245-02/(3/r&#x200F;</subfield>
    <subfield code="a">&#x200F;&#x62F;&#x631;&#x628;&#x627;&#x631; &#x62F;&#x644; /&#x200F;</subfield>
    <subfield code="c">&#x200F;&#x639;&#x645;&#x64A;&#x631;&#x647; &#x627;&#x62D;&#x645;&#x62F;.</subfield>
  </datafield>
  <datafield tag="880" ind1=" " ind2=" ">
    <subfield code="6">250-03/(3/r&#x200F;</subfield>
    <subfield code="a">&#x200F;&#x62A;&#x631;&#x645;&#x64A;&#x645; &#x648; &#x627;&#x636;&#x627;&#x641;&#x647; &#x634;&#x62F;&#x647; &#x627;&#x64A;&#x688;&#x64A;&#x634;&#x646;.</subfield>
  </datafield>
  <datafield tag="880" ind1=" " ind2=" ">
    <subfield code="6">260-04/(3/r&#x200F;</subfield>
    <subfield code="a">&#x200F;&#x644;&#x627;&#x647;&#x648;&#x631; :&#x200F;</subfield>
    <subfield code="b">&#x200F;&#x639;&#x644;&#x645; &#x648; &#x639;&#x631;&#x641;&#x627;&#x646; &#x67E;&#x628;&#x644;&#x634;&#x631;&#x632; &#x61B;&#x200F;</subfield>
    <subfield code="a">&#x200F;&#x631;&#x627;&#x648;&#x644;&#x67E;&#x646;&#x688;&#x649; :&#x200F;</subfield>
    <subfield code="b">&#x200F;&#x645;&#x644;&#x646;&#x6D2; [&#x6A9;&#x627; &#x67E;&#x62A;&#x647;]&#x60C; &#x6A9;&#x62A;&#x627;&#x628; &#x6AF;&#x6BE;&#x631;&#x60C;&#x200F;</subfield>
    <subfield code="c">&#x200F;&#x202B;2010&#x202C;.</subfield>
  </datafield>
  <datafield tag="906" ind1=" " ind2=" ">
    <subfield code="a">7</subfield>
    <subfield code="b">cbc</subfield>
    <subfield code="c">origode</subfield>
    <subfield code="d">4</subfield>
    <subfield code="e">ncip</subfield>
    <subfield code="f">20</subfield>
    <subfield code="g">y-nonroman</subfield>
  </datafield>
  <datafield tag="942" ind1=" " ind2=" ">
    <subfield code="2">ddc</subfield>
    <subfield code="c">BK</subfield>
  </datafield>
  <datafield tag="952" ind1=" " ind2=" ">
    <subfield code="0">0</subfield>
    <subfield code="1">0</subfield>
    <subfield code="2">ddc</subfield>
    <subfield code="4">0</subfield>
    <subfield code="7">0</subfield>
    <subfield code="8">FIC</subfield>
    <subfield code="a">CL</subfield>
    <subfield code="b">CL</subfield>
    <subfield code="c">FIC</subfield>
    <subfield code="d">2017-06-23</subfield>
    <subfield code="l">16</subfield>
    <subfield code="m">7</subfield>
    <subfield code="o">891.4393 AHM</subfield>
    <subfield code="p">CL2219</subfield>
    <subfield code="q">2025-12-21</subfield>
    <subfield code="r">2025-10-16</subfield>
    <subfield code="s">2025-10-16</subfield>
    <subfield code="t">1</subfield>
    <subfield code="w">2017-06-23</subfield>
    <subfield code="y">BK</subfield>
  </datafield>
</record>
